Оптимизация производственных процессов и технический контроль в машиностроении и приборостроении

Podrobná bibliografie
Korporativní autor: Львовский политехнический институт
Další autoři: Беспалов К. И. (редактор)
Jazyk:ruština
Vydáno: Львов, Вища школа, 1987
Edice:Вестник Львовского политехнического института № 218
Témata:
Médium: MixedMaterials Kniha
KOHA link:https://koha.lib.tpu.ru/cgi-bin/koha/opac-detail.pl?biblionumber=257212

MARC

LEADER 00000nam0a2200000 4500
001 257212
005 20231101233201.0
020 |a RU  |b 87-64704ж 
035 |a (RuTPU)RU\TPU\book\279986 
090 |a 257212 
100 |a 20140415a1987 k y0rusy5003 ca 
101 0 |a rus 
102 |a UA 
105 |a a z 001zy 
200 1 |a Оптимизация производственных процессов и технический контроль в машиностроении и приборостроении  |f Львовский политехнический институт ; под ред. К. И. Беспалова 
210 |a Львов  |c Вища школа  |d 1987 
215 |a 82 с.  |c ил. 
225 1 |a Вестник Львовского политехнического института  |x 0321-0499  |v № 218 
320 |a Библиогр. в конце ст. 
606 1 |a Машиностроение  |2 stltpush  |3 (RuTPU)RU\TPU\subj\71949  |9 85607 
606 1 |a Приборостроение  |2 stltpush  |3 (RuTPU)RU\TPU\subj\51548  |9 85626 
610 1 |a производственные процессы 
610 1 |a оптимизация 
610 1 |a технический контроль 
610 1 |a технологическое оборудование 
675 |a 621.002  |z rus  |v 4 
675 |a 681.2.002:658  |z rus  |v 4 
702 1 |a Беспалов  |b К. И.  |4 340 
712 0 2 |a Львовский политехнический институт  |2 stltpush  |3 (RuTPU)RU\TPU\col\8032 
801 0 |a RU  |b RuMRKP  |c 19950417  |g psbo 
801 1 |a RU  |b 63413507  |c 20140415 
801 2 |a RU  |b 63413507  |c 20181031  |g RCR 
942 |c BK